000 00520nam a22001937a 4500
999 _c7460
_d7460
003 OSt
005 20211112121613.0
008 211112b ||||| |||| 00| 0 eng d
020 _a978041554736
040 _cDDC
082 _a304.8 GLO 2008
100 _a Ton, Van Naersen
_915283
245 _aGlobal migration and development
260 _aLondon
_bRoutledge
_c2008
300 _axviii,338p:
_bill,;
_c24cm
504 _aincludes bibliography,references and index
650 _aMigration
_915285
942 _2ddc
_cBOOK